Partitions of the Carolingian Empire on a Map - Statistics

General Stats
  • This quiz has been taken 154 times
  • The average score is 19 of 26
Answers on the Map
Answers color-coded by a green-red scale on the quiz's map according to % correct below.
 
Answer Stats
Group Answer % Correct
1 Carolingian Empire
95%
3 Italy
85%
4 Italy
85%
5 Italy
85%
6 Italy
85%
2 Papal States
85%
3 Papal States
85%
4 Papal States
85%
5 Papal States
85%
6 Papal States
85%
2 East Francia
79%
3 East Francia
79%
4 East Francia
79%
5 East Francia
79%
6 East Francia
79%
2 West Francia
79%
3 West Francia
79%
4 West Francia
79%
5 West Francia
79%
6 West Francia
79%
2 Middle Francia
68%
3 Lotharingia
63%
4 Lotharingia
63%
3 Provence
55%
6 Lower Burgundy
15%
6 Upper Burgundy
15%
No matching quizzes found
Score Distribution
Percent of People with Each Score
Percentile by Number Answered
Your Score History
You have not taken this quiz